Čekám děťátko /

Hlavní autor: Krůtová, Eva
Korporativní autor: Výzkumný ústav zdravotnické osvěty
Jazyk: Čeština
Vydáno: Praha : Státní zdravotnické nakladatelství, 1957
Vydání: 4. vyd.
Témata:
Fyzický popis: 26, [2] s. : barev. il. ; 8°
Knihy
Uloženo v:
LEADER 01346nam a22003972a 4500
001 000888388
003 CZ BrMZK
005 20191018141407.0
007 ta
008 080304s1957 xr erf||||||||||cze d
015 |a cnb000725449 
035 |a (OCoLC)14603061 
040 |a ABA001  |b cze  |c OSA001  |d ABA001 
072 7 |a 613  |x Hygiena. Lidské zdraví  |2 Konspekt  |9 14 
080 |a 618.2/.3  |2 MRF 
080 |a 618.4/.5  |2 MRF 
080 |a 618.6/.7  |2 MRF 
080 |a 613.952/.953  |2 MRF 
080 |a (035)  |2 MRF 
100 1 |a Krůtová, Eva  |7 xx0095631  |4 aut 
245 1 0 |a Čekám děťátko /  |c Eva Krůtová ; ilustr. Pavel Černý 
250 |a 4. vyd. 
260 |a Praha :  |b Státní zdravotnické nakladatelství,  |c 1957 
300 |a 26, [2] s. :  |b barev. il. ;  |c 8° 
500 |a Vyd. Výzkumný ústav zdravotnické osvěty 
500 |a 376000-500000 výt. 
650 0 7 |a těhotenství  |7 ph126830  |2 czenas 
650 0 7 |a porod  |7 ph124364  |2 czenas 
650 0 7 |a šestinedělí  |7 ph127799  |2 czenas 
650 0 7 |a raná péče o dítě  |7 ph135011  |2 czenas 
655 7 |a příručky  |7 fd133209  |2 czenas 
710 2 |a Výzkumný ústav zdravotnické osvěty  |7 kn20050426035 
910 |a BOA001  |b X-0326.282-57 
990 |a BK 
991 |b 200802 
996 6 |b 2618801211  |c X-0326.282-57  |l MZK  |r Sklad / do 24 hodin  |n 0  |w 000888388  |u 000010  |a 1  |e BOA001  |j MZK50  |s P